000 00776nam a2200193Ia 4500
999 _c34680
_d34680
001 464
003 GE_BSU
005 20221223164524.0
008 181216s2010||||ge |||||||||||||| ||geo||
040 _cGE_BSU
041 _ageo
080 _a349(075.8) დ–18
245 _aდამხმარე სახელმძღვანელო საარჩევნო სამართალში /
_bსაქართველოს უმაღლესი საგანმანათლო დაწესებულების სტუდენტებისათვის.
264 _aთბილისი,
_c2010.
300 _a150 გვ.
541 _h10ლ.
653 _aსაარჩევნო სამართალი
942 _cBK
_2udc